Health for all : today and tomorrow
| Main Author: | |
|---|---|
| Format: | Book |
| Published: |
New Delhi :
Adhayan Publishers & distributors ,
2006
|
| Series: | Nutrition and health series, book-2
|
| Subjects: |
MARC
| LEADER | 00000cam a2200000 7i4500 | ||
|---|---|---|---|
| 001 | 0000018393 | ||
| 005 | 20080612.0 | ||
| 008 | 080605 | ||
| 020 | |a 8189161857 | ||
| 090 | 0 | 0 | |a 613.28 |b MIS |
| 100 | 1 | |a Mishra, Ruchi | |
| 245 | 1 | 0 | |a Health for all : |b today and tomorrow |c Ruchi Mishra |
| 260 | |a New Delhi : |b Adhayan Publishers & distributors , |c 2006 | ||
| 440 | |a Nutrition and health series, book-2 | ||
| 650 | 0 | |a Health | |
| 650 | 0 | |a Health education | |
| 650 | 0 | |a Health |x nutrition | |
| 999 | |a 0001019833 |b Book |c REFERENCE |e Perbadanan Perpustakaan Awam Johor | ||